000 00680nam a2200229 a 4500
001 000023328
005 20240528102200.0
008 101202s1976 sp 000 0 spa d
020 _a8432503320
082 _a323.4
_bS745i
100 1 _aSpencer, Herbert,
_d1820-1903.
_948052
245 1 3 _aEl individuo contra el estado /
_cHerbert Spencer.
260 _aMadrid :
_bDoncel,
_c1976.
300 _a171 p. ;
_c18 cm.
490 1 _aEl libro de bolsillo doncel
_v114
650 0 _aDerecho civil
_95702
650 0 _aEstado
_9726
650 4 _aInglaterra
_xPolĂ­tica y gobierno
_948053
830 0 _aEl libro de bolsillo doncel ;
_v114
_98628
049 _aBNGR
999 _c22825
_d22825
040 _aDO-SdBNP